Caught in a trap (Record no. 82270)

MARC details
000 -LEADER
fixed length control field 01293cab a22002415a 4500
001 - CONTROL NUMBER
control field L149749
008 - FIXED-LENGTH DATA ELEMENTS--GENERAL INFORMATION
fixed length control field 100421e20100421xxk 000 0 eng d
035 ## - SYSTEM CONTROL NUMBER
System control number (Sirsi) u149749
041 0# - LANGUAGE CODE
Language code of text/sound track or separate title eng
100 1# - MAIN ENTRY--PERSONAL NAME
Personal name Partridge, Charles
245 00 - TITLE STATEMENT
Title Caught in a trap
260 ## - PUBLICATION, DISTRIBUTION, ETC.
Date of publication, distribution, etc. 2010
490 ## - SERIES STATEMENT
Series statement Estates Gazette
Volume/sequential designation (1015) 17 April 2010, 84-86(3)
520 ## - SUMMARY, ETC.
Summary, etc. Valuation Tribunal for England took over responsibility for rating and council tax appeals from 1 October 2009 from 56 local tribunals. Valuation Tribunal President Professor Graham Zellick has set up the Valuation Tribunal Users' Group made up of representatives of RICS, Institute of Revenues Rating and Valuation, Rating Surveyors' Association, Valuation Office Agency to review draft practice standards.
590 ## - LOCAL NOTE (RLIN)
Local note KA
650 24 - SUBJECT ADDED ENTRY--TOPICAL TERM
Topical term or geographic name entry element LOCAL GOVERNMENT AND PUBLIC INVOLVEMENT IN HEALTH ACT 2007
650 24 - SUBJECT ADDED ENTRY--TOPICAL TERM
Topical term or geographic name entry element VALUATION FOR ENGLAND (COUNCIL TAX AND RATIG APPEALS) (PROCEDURE) REGULATIONS 2009
651 #4 - SUBJECT ADDED ENTRY--GEOGRAPHIC NAME
Geographic name England
Chronological subdivision 886-
690 ## - LOCAL SUBJECT ADDED ENTRY--TOPICAL TERM (OCLC, RLIN)
Topical term or geographic name as entry element MANAGEMENT-DISPUTE AVOIDANCE, MANAGEMENT AND RESOLUTION-DISPUTE MANAGEMENT AND RESOLUTION
690 ## - LOCAL SUBJECT ADDED ENTRY--TOPICAL TERM (OCLC, RLIN)
Topical term or geographic name as entry element PROPERTY-COMMERCIAL PROPERTY-COMMERCIAL PROPERTY TAXATION-COMMERCIAL PROPERTY TAXATION VALUATION
690 ## - LOCAL SUBJECT ADDED ENTRY--TOPICAL TERM (OCLC, RLIN)
Topical term or geographic name as entry element PROPERTY-RESIDENTIAL PROPERTY-RESIDENTIAL PROPERTY TAXATION
942 ## - ADDED ENTRY ELEMENTS (KOHA)
Suppress in OPAC 0
Holdings
Withdrawn status Lost status Source of classification or shelving scheme Damaged status Not for loan Home library Current library Shelving location Date acquired Total Checkouts Full call number Barcode Date last seen Copy number Price effective from Koha item type
    Dewey Decimal Classification     London London Journal article 21/04/2010   L149749 149749-1001 06/08/2019 1 06/08/2019 Journal article